[Event "FIDE World Rapid Team"]
[Site "Almaty KAZ"]
[Date "2024.08.03"]
[Round "7.34"]
[White "Matymov, Madi"]
[Black "Karepov, Ilya"]
[Result "0-1"]
[WhiteElo "1824"]
[BlackElo "1719"]
[WhiteTeam "Abai Chess Team"]
[BlackTeam "Future GM"]
[WhiteFideId "13721283"]
[BlackFideId "13728938"]
[EventDate "2024.08.02"]

1. e4 c6 2. d4 d5 3. exd5 cxd5 4. Nf3 Nc6 5. Nc3 Nf6 6. Bb5 e6 7. Be3 Bd6 8. O-O
O-O 9. a3 a6 10. Bd3 b5 11. Qd2 Bb7 12. Ne2 Ne7 13. Bf4 Ng6 14. Ne5 Ne4 15. Qe3
Qc7 16. f3 Nf6 17. Bxg6 hxg6 18. c3 a5 19. Rfc1 Nh5 20. Nd3 Nxf4 21. Nexf4 Qe7
22. g3 Rfc8 23. Ne2 Rc7 24. b4 Bc6 25. f4 Be8 26. Qd2 a4 27. Rf1 Bc6 28. Rae1
Kh7 29. Qe3 Re8 30. g4 Qh4 31. Qg3 Qxg3+ 32. hxg3 f6 33. Kf2 g5 34. Rh1+ Kg6 35.
Nc5 Bd7 36. Nxd7 Rxd7 37. f5+ exf5 38. gxf5+ Kxf5 39. g4+ Kxg4 40. Rhg1+ Kf5 41.
Ng3+ Bxg3+ 42. Kxg3 Rde7 43. Rgf1+ Kg6 44. Rxe7 Rxe7 45. Kf3 f5 46. Rg1 g4+ 47.
Kf4 Re4+ 48. Kg3 Kg5 49. Rc1 f4+ 0-1

[Event "FIDE World Rapid Team"]
[Site "Almaty KAZ"]
[Date "2024.08.03"]
[Round "7.35"]
[White "Nauanova Zhaniya"]
[Black "Demezhanov, Tuleubek"]
[Result "0-1"]
[WhiteElo "1835"]
[BlackElo "1776"]
[WhiteTeam "Future GM"]
[BlackTeam "Abai Chess Team"]
[WhiteFideId "13780956"]
[BlackFideId "13707272"]
[EventDate "2024.08.02"]

1. c4 e5 2. Nc3 Nf6 3. g3 c6 4. d4 e4 5. Bg2 d5 6. cxd5 cxd5 7. Bg5 Bb4 8. e3
Bxc3+ 9. bxc3 h6 10. Bxf6 Qxf6 11. Qb3 Qc6 12. Ne2 O-O 13. O-O Nd7 14. Nf4 Nb6
15. Rfc1 Bg4 16. h3 Bf5 17. Bf1 Rac8 18. a4 g5 19. Nh5 Bg6 20. Be2 Qe6 21. Kg2
Rc7 22. Rh1 Rfc8 23. Rac1 Nc4 24. h4 f5 25. hxg5 hxg5 26. Qd1 Rh7 27. g4 Bxh5
28. gxh5 f4 29. exf4 gxf4 30. Kf1 f3 31. Bxc4 Rxc4 32. Qd2 Qf5 33. Rg1+ Rg7 34.
Rxg7+ Kxg7 35. Qe3 Qxh5 36. Ke1 Rxa4 37. Rc2 Qg4 38. Rb2 b6 39. Kd2 Ra1 40. c4
Qg1 41. Kc2 Qd1+ 42. Kc3 Ra3+ 0-1

[Event "FIDE World Rapid Team"]
[Site "Almaty KAZ"]
[Date "2024.08.03"]
[Round "7.36"]
[White "Akylbek, Eskendir"]
[Black "Omar, Temirlan"]
[Result "0-1"]
[WhiteElo "1603"]
[BlackElo "1874"]
[WhiteTeam "Abai Chess Team"]
[BlackTeam "Future GM"]
[WhiteFideId "13747860"]
[BlackFideId "13723960"]
[EventDate "2024.08.02"]

1. d4 d5 2. e3 Nf6 3. c3 c5 4. f4 e6 5. Nf3 Nc6 6. Bd3 a6 7. O-O c4 8. Bc2 g6 9.
Nbd2 Bg7 10. Ne5 O-O 11. e4 Qc7 12. Qf3 b5 13. g4 dxe4 14. Nxe4 Bb7 15. Nxf6+
Bxf6 16. Be4 Rac8 17. Bd2 Rfd8 18. Rae1 Bxe5 19. fxe5 Nxe5 20. Qf4 Nd3 21. Qxc7
Rxc7 22. Bxd3 cxd3 23. Re3 Bd5 24. b3 Ra8 25. Rxd3 a5 26. Rc1 a4 27. c4 bxc4 28.
bxc4 Rxc4 29. Rxc4 Bxc4 30. Rc3 Bxa2 31. Ra3 Bb3 32. Bg5 Rc8 33. Bf6 Rc2 34. h3
Kf8 35. Bg5 Ke8 36. Kf1 Rc3 37. Ra1 Rxh3 38. Kg2 Rc3 39. Bf6 Bd5+ 40. Kf2 a3 41.
Ke2 a2 42. Kd2 Rf3 43. g5 Kd7 44. Kc2 Rh3 45. Kb2 Rh2+ 46. Kc3 h5 47. Kb4 Rh1
48. Rxh1 Bxh1 49. d5 Bxd5 50. Kc5 h4 51. Ba1 h3 52. Kd4 h2 53. Ke5 h1=Q 54. Kf6
Qh8+ 0-1

[Event "FIDE World Rapid Team"]
[Site "Almaty KAZ"]
[Date "2024.08.03"]
[Round "7.37"]
[White "Balguzhinov, Bakhyt"]
[Black "Dosov, Nurlan"]
[Result "1/2-1/2"]
[BlackTitle "FM"]
[WhiteElo "2155"]
[BlackElo "2153"]
[WhiteTeam "Chessacademy_pvl"]
[BlackTeam "Baiterekchess"]
[WhiteFideId "13703854"]
[BlackFideId "13701320"]
[EventDate "2024.08.02"]

1. d4 Nf6 2. Nf3 g6 3. e3 Bg7 4. c4 O-O 5. b4 b6 6. Bb2 c5 7. a3 d6 8. Be2 Nbd7
9. O-O a5 10. dxc5 dxc5 11. b5 Bb7 12. Nbd2 Qc7 13. Qc2 e5 14. e4 Nh5 15. Rfe1
Rfe8 16. Nf1 Nf8 17. Ne3 Ne6 18. Nd5 Bxd5 19. cxd5 Nd4 20. Nxd4 exd4 21. Bxh5
gxh5 22. Rad1 Qd6 23. Qe2 Qg6 24. f4 Rad8 25. Qf3 Qg4 26. Qf2 Bh6 27. Bc1 h4 28.
Rd3 Kh8 29. Rh3 Bg7 30. Rxh4 Qg6 31. Qf3 d3 32. Qxd3 Bd4+ 33. Kf1 Rxd5 34. f5
Qf6 35. Rh6 Qe7 36. f6 Rf5+ 37. Ke2 Qxe4+ 38. Qxe4 Rxe4+ 39. Kd1 Rxe1+ 40. Kxe1
Rxf6 41. Rh5 Kg7 42. Rd5 Kg6 43. g4 Re6+ 44. Kf1 Be5 45. Kg2 f6 46. Rd7 c4 47.
h4 h5 48. gxh5+ Kxh5 49. Kf3 Rd6 50. Rh7+ Kg6 51. Rb7 Rd1 52. Be3 Rd3 53. Ke4
Rxa3 54. Rxb6 c3 55. Rc6 Ra4+ 56. Kd3 Rxh4 57. b6 Rb4 58. Rc8 a4 59. Ra8 Kf5 60.
Bc5 Rb2 61. Rxa4 Rd2+ 62. Ke3 Rd5 63. Rc4 Rd7 64. Bb4 Rb7 65. Rc6 c2 66. Kd2 Bd4
67. Ba5 Ke4 68. Kxc2 Kd5 69. Rc7 Rxb6 70. Bxb6 Bxb6 71. Rd7+ Ke6 72. Rb7 Bd4 73.
Kd3 Be5 74. Ke4 Kd6 75. Rb1 Kc5 76. Rc1+ Kd6 77. Rc2 Ke6 78. Rc6+ Bd6 79. Ra6
f5+ 80. Kd4 f4 81. Ke4 Kd7 82. Kd5 Bc7 83. Rh6 Bd8 84. Rh7+ Be7 85. Rf7 Ke8 86.
Ke6 Bg5 87. Rf5 Bh6 88. Rf6 Bg5 89. Rg6 Be7 90. Rg7 Bc5 91. Rc7 Bb6 92. Rc8+ Bd8
93. Rc4 Bg5 94. Rc5 Bd8 95. Rf5 Bc7 96. Rf7 Bb6 97. Rxf4 Kd8 98. Rc4 Bc7 99. Rh4
Kc8 100. Kd5 Kb7 101. Rb4+ Ka8 102. Kc6 Bb8 103. Ra4+ Ba7 104. Ra3 Kb8 105. Rd3
Ka8 106. Rd7 Bb8 107. Kb6 Be5 108. Ra7+ Kb8 109. Re7 Bd4+ 110. Kc6 Ka8 111. Re8+
Ka7 112. Re4 Bf2 113. Re7+ Ka8 114. Re8+ Ka7 115. Re2 Bd4 116. Rd2 Be3 117. Ra2+
Kb8 118. Re2 Bd4 119. Re4 Bf2 120. Rb4+ Ka8 121. Rb3 Bd4 122. Kc7 Be5+ 123. Kb6
Bd4+ 124. Ka6 Be5 125. Re3 Bb8 126. Re7 Bf4 127. Ra7+ Kb8 128. Rf7 Be5 129. Kb6
Bd4+ 130. Kc6 Ka8 131. Rf8+ Ka7 132. Rf3 Kb8 133. Rf4 Be3 134. Rf8+ Ka7 135. Re8
Bd4 136. Kc7 Bf2 137. Re2 Bg3+ 138. Kc6 Bf4 139. Ra2+ Kb8 140. Rf2 Be5 141. Rf3
Ka7 142. Rf7+ Ka8 143. Kb6 Bd4+ 144. Ka6 Be5 145. Rb7 Bf4 146. Rf7 Be5 147. Re7
Bf4 148. Kb6 Bg3 149. Re8+ Bb8 150. Kc6 Ka7 151. Re4 Bg3 152. Rg4 Bh2 153. Rg7+
Kb8 154. Kb6 Ka8 155. Rg2 Be5 156. Rg8+ Bb8 157. Kc6 Ka7 158. Rg7+ Ka8 159. Kb6
Be5 160. Ra7+ Kb8 161. Re7 Bd4+ 162. Kc6 Ka8 163. Re4 Bf2 164. Ra4+ Kb8 165. Rf4
Be3 166. Rf8+ Ka7 167. Re8 Bf2 168. Re4 Bg1 169. Re7+ Ka8 170. Re1 Bd4 171. Kc7
Bf2 172. Re8+ Ka7 173. Re2 Bg3+ 174. Kc6 Ka8 175. Kb6 Bf4 1/2-1/2

[Event "FIDE World Rapid Team"]
[Site "Almaty KAZ"]
[Date "2024.08.03"]
[Round "7.38"]
[White "Tulegenov, Amir"]
[Black "Prokoptsov, Mikhail"]
[Result "1-0"]
[WhiteElo "1858"]
[BlackElo "1702"]
[WhiteTeam "Baiterekchess"]
[BlackTeam "Chessacademy_pvl"]
[WhiteFideId "13742167"]
[BlackFideId "447005122"]
[EventDate "2024.08.02"]

1. e4 e6 2. d4 d5 3. Nc3 dxe4 4. Nxe4 Nf6 5. Nxf6+ Qxf6 6. Nf3 h6 7. Bd3 Nc6 8.
O-O Bd6 9. Be3 O-O 10. c4 Bd7 11. a3 a5 12. Bc2 Ne7 13. Ne5 Rad8 14. Ng4 Qh4 15.
c5 Bxc5 16. dxc5 Ba4 17. Bxa4 Rxd1 18. Bxd1 Ng6 19. g3 Qe7 20. f4 f5 21. Ne5
Nxe5 22. fxe5 Qd7 23. Bb3 Re8 24. Bc4 Qc6 25. Rf4 g5 26. Rd4 Qxc5 27. Bxe6+ Kh8
28. Bxf5 Qxe5 29. Re4 Qb5 30. Bd4+ Kg8 31. Be6+ Rxe6 32. Rxe6 Qd5 33. Rg6+ Kf7
34. Rg7+ Kf8 35. Rf1+ Ke8 36. Re1+ Kf8 37. Rf1+ Ke8 38. Bc3 b5 39. Rff7 Qd1+ 40.
Kf2 Qc2+ 41. Kf3 Qd1+ 42. Ke3 Qg1+ 43. Kd3 Qd1+ 44. Ke4 Qe2+ 45. Kf5 Qd3+ 46.
Kf6 Qd6+ 47. Kf5 Qd5+ 48. Kg6 Qe6+ 49. Kh7 Qe4+ 50. Kh8 Qg2 51. Rxc7 Qxh2 52.
Rg8# 1-0

[Event "FIDE World Rapid Team"]
[Site "Almaty KAZ"]
[Date "2024.08.03"]
[Round "7.39"]
[White "Derksen, Vadim"]
[Black "Primbetov, Nurassyl"]
[Result "1/2-1/2"]
[WhiteElo "1735"]
[BlackElo "1784"]
[WhiteTeam "Chessacademy_pvl"]
[BlackTeam "Baiterekchess"]
[WhiteFideId "13737244"]
[BlackFideId "447010193"]
[EventDate "2024.08.02"]

1. e4 c5 2. Nf3 e6 3. d4 cxd4 4. Nxd4 Nf6 5. Nc3 Nc6 6. Ndb5 Bb4 7. a3 Bxc3+ 8.
Nxc3 d5 9. exd5 exd5 10. Bd3 d4 11. Ne4 Nxe4 12. Bxe4 Bf5 13. Bxc6+ bxc6 14. O-O
O-O 15. Re1 Qd5 16. Bf4 Rfe8 17. Qd2 h6 18. Rad1 c5 19. f3 Qc4 20. c3 d3 21.
Rxe8+ Rxe8 22. Be3 a5 23. Kf2 Rb8 24. Kg1 Qa2 25. Qf2 Rxb2 26. Bd2 Rb1 27. Rxb1
Qxb1+ 28. Qe1 Qb3 29. Qc1 c4 30. Kf2 Kh7 31. h3 a4 32. Be3 f6 33. h4 Qa2+ 34.
Bd2 h5 35. Kg1 Qb3 36. Kf2 Qb8 37. Bf4 Qa7+ 38. Be3 Qb7 39. Bd2 Kg8 40. Be3 Qb3
41. Bd2 Kf7 42. Kg1 Bd7 43. Kf2 Be6 44. Kg1 Qb8 45. Bf4 Qb5 46. Kf2 g6 47. Be3
Qb3 48. Bd2 Bd5 49. Kg1 Qb8 50. Bf4 Qe8 51. Qe3 Qxe3+ 52. Bxe3 Ke6 53. Kf2 Kf5
54. f4 Ke4 55. Bd2 f5 56. g3 Bf7 57. Kg2 Be8 58. Kf2 Bd7 59. Kg2 Bc8 60. Kf2 Bb7
61. Kg2 Kd5 62. Kf3 Bc8 63. Ke3 Bd7 64. Bc1 Be8 65. Bd2 Bf7 66. Bc1 Bg8 67. Bd2
Bh7 68. Bc1 Bg8 69. Bd2 Be6 70. Bc1 Kc5 71. Bd2 Bd5 72. Bc1 Kd6 73. Bd2 Kc5 74.
Bc1 Bg2 75. Bd2 Kd5 76. Bc1 Bf1 77. Bd2 Be2 78. Bc1 Kc5 79. Bd2 Kd5 80. Bc1 Bg4
81. Bd2 Bh3 82. Bc1 Bg2 83. Bd2 Kc5 84. Bc1 Bc6 85. Bd2 Bd5 86. Bc1 Be4 87. Bd2
Kd5 88. Bc1 d2 89. Bxd2 Bb1 90. Bc1 Bd3 91. Bd2 Bc2 92. Bc1 Be4 93. Bb2 Kc5 94.
Bc1 Bc6 95. Bd2 Kd5 96. Be1 Bd7 97. Bf2 Be6 98. Be1 Bf7 99. Bd2 Be8 100. Kf3 Bc6
101. Ke3 Kc5 102. Bc1 Be8 103. Bd2 Bf7 104. Bc1 Bd5 105. Bd2 Ba8 106. Bc1 Bb7
107. Bd2 Bc8 108. Bc1 Bd7 109. Bd2 Be8 110. Bc1 Bf7 111. Bd2 Be6 112. Bc1 Bd5
113. Bd2 Bf7 114. Bc1 Be8 115. Bd2 Bb5 116. Bc1 Ba6 117. Bd2 Bb7 118. Bc1 Bc6
119. Bd2 Kd5 120. Bc1 Bd7 121. Bd2 Be6 122. Bc1 Bg8 123. Bd2 Bf7 124. Bc1 Be8
125. Bd2 Bb5 126. Bc1 Ba6 127. Bd2 Bb7 128. Bc1 Kc5 129. Bd2 Be4 130. Bc1 Kd5
131. Bd2 Bb1 132. Bc1 Ba2 133. Bd2 Bb3 134. Bc1 Bc2 135. Bd2 Bd1 136. Bc1 Bg4
137. Bd2 Kc5 138. Bc1 Bd1 139. Bd2 1/2-1/2

[Event "FIDE World Rapid Team"]
[Site "Almaty KAZ"]
[Date "2024.08.03"]
[Round "7.40"]
[White "Omarbek, Adlet"]
[Black "Semenov, Miroslav"]
[Result "1-0"]
[WhiteElo "1713"]
[BlackElo "1512"]
[WhiteTeam "Baiterekchess"]
[BlackTeam "Chessacademy_pvl"]
[WhiteFideId "13779842"]
[BlackFideId "447010525"]
[EventDate "2024.08.02"]

1. e4 e5 2. Nf3 Nc6 3. Nc3 f5 4. exf5 Nf6 5. Bb5 d6 6. O-O Be7 7. d4 e4 8. d5
Bd7 9. Ng5 Ne5 10. Bxd7+ Qxd7 11. Ne6 Kf7 12. Bg5 g6 13. Bxf6 Bxf6 14. Nxe4 Rag8
15. f4 Nc4 16. Nxf6 Kxf6 17. Qd4+ Kf7 18. fxg6+ hxg6 19. Qxc4 Rc8 20. f5 g5 21.
Nxg5+ Kf6 22. Ne4+ Kf7 23. Qd4 Qe7 24. f6 Qf8 25. Ng5+ Ke8 26. Rae1+ Kd7 27.
Qg4+ Kd8 28. Ne6+ 1-0

[Event "FIDE World Rapid Team"]
[Site "Almaty KAZ"]
[Date "2024.08.03"]
[Round "7.41"]
[White "Sembay, Aisana"]
[Black "Ishmukhametova, Gulnur"]
[Result "1-0"]
[WhiteElo "1527"]
[BlackElo "1538"]
[WhiteTeam "Chessacademy_pvl"]
[BlackTeam "Baiterekchess"]
[WhiteFideId "13791281"]
[BlackFideId "13773070"]
[EventDate "2024.08.02"]

1. e4 e5 2. Nf3 Nc6 3. Bb5 Bd6 4. O-O Nge7 5. d3 a6 6. Ba4 h6 7. Nc3 b5 8. Bb3
Bb7 9. Ne2 Ng6 10. Ng3 Nce7 11. Re1 c5 12. Nf5 Nxf5 13. exf5 Bxf3 14. Qxf3 Nf4
15. Bxf4 O-O 16. Bxe5 Bxe5 17. Rxe5 d6 18. Ree1 Qf6 19. c3 a5 20. Rad1 b4 21. d4
a4 22. Bd5 Rab8 23. dxc5 bxc3 24. Qxc3 dxc5 25. Qxf6 gxf6 26. b3 Rb4 27. Bc4 Rb7
28. Rd5 Rc7 29. Red1 axb3 30. axb3 Kg7 31. Rd7 Rfc8 32. g3 h5 33. Ba6 Rxd7 34.
Rxd7 Rc6 35. Bc4 Kh6 36. Rxf7 Kg5 37. Be6 Rb6 38. Rc7 Rd6 39. Rxc5 h4 40. Kg2
Kg4 41. gxh4 Kxh4 42. b4 Kg4 43. b5 Kf4 44. Rc6 Rd8 45. b6 Rh8 46. Bc8 Rh5 47.
b7 Rg5+ 48. Kf1 Rh5 49. b8=Q+ Kf3 50. Rc3+ Kg4 51. Qg3# 1-0

[Event "FIDE World Rapid Team"]
[Site "Almaty KAZ"]
[Date "2024.08.03"]
[Round "7.43"]
[White "Serikgali Daulet"]
[Black "Yermekov, Kairat"]
[Result "0-1"]
[WhiteElo "1571"]
[BlackElo "2076"]
[WhiteTeam "Abai's Gambit Pioneers"]
[BlackTeam "VKO Team"]
[WhiteFideId "13780468"]
[BlackFideId "13702203"]
[EventDate "2024.08.02"]

1. e4 e6 2. d4 d5 3. e5 c5 4. c3 Nc6 5. Nf3 Qb6 6. a3 Bd7 7. b4 cxd4 8. cxd4 Rc8
9. Bb2 Na5 10. Nc3 Nc4 11. Qb3 Na5 12. Qd1 Nc4 13. Qb3 a5 14. Na4 Qb5 15. Nc3
Qb6 16. Na4 Qb5 17. Nc3 Qa6 18. b5 Qa7 19. Bd3 a4 20. Nxa4 Qa5+ 21. Bc3 Qxb5 22.
Qxb5 Bxb5 23. Nc5 Bxc5 24. dxc5 Rxc5 25. O-O Ne7 26. Bb4 Rc8 27. a4 Ba6 28. Rac1
Nc6 29. Bc3 O-O 30. Rfd1 Ra8 31. Rb1 Rfb8 32. h4 Na3 33. Ra1 Bxd3 34. Rxd3 Nc4
35. Rdd1 b6 36. Rdb1 Ra6 37. Ra2 Rba8 38. Rba1 b5 39. axb5 Rxa2 40. Rxa2 Rxa2
41. bxc6 Rc2 42. c7 Nb6 43. Ba5 Na8 44. Nd4 Rc1+ 45. Kh2 Nxc7 46. Nb3 Rc2 47.
Nd4 Rc4 48. Nf3 Nb5 49. Kg3 f6 50. Nd2 Ra4 51. Bd8 fxe5 52. Nf3 e4 53. Ng5 e5
54. Kg4 Nd6 55. Bc7 e3+ 56. Kf3 exf2 57. Kxf2 Ne4+ 58. Nxe4 Rxe4 0-1

[Event "FIDE World Rapid Team"]
[Site "Almaty KAZ"]
[Date "2024.08.03"]
[Round "7.44"]
[White "Shevchenko, Alexandr"]
[Black "Almazuly, Azamat"]
[Result "1-0"]
[WhiteElo "1814"]
[BlackElo "1720"]
[WhiteTeam "VKO Team"]
[BlackTeam "Abai's Gambit Pioneers"]
[WhiteFideId "13756478"]
[BlackFideId "447002646"]
[EventDate "2024.08.02"]

1. e4 c5 2. Nf3 Nc6 3. d4 cxd4 4. Nxd4 g6 5. Nc3 Bg7 6. Be3 Nf6 7. Nxc6 bxc6 8.
e5 Ng8 9. f4 Nh6 10. Qd2 O-O 11. O-O-O Nf5 12. Bf2 d6 13. h3 d5 14. g4 Nh6 15.
f5 Kh8 16. f6 exf6 17. exf6 Qxf6 18. g5 Nf5 19. gxf6 Bh6 20. Qxh6 Nxh6 21. Bd3
Be6 22. Bc5 Rfe8 23. Rde1 Ng8 24. Bd4 a5 25. Na4 Rab8 26. Nc5 1-0

[Event "FIDE World Rapid Team"]
[Site "Almaty KAZ"]
[Date "2024.08.03"]
[Round "7.45"]
[White "Kalikhan, Abilmansur"]
[Black "Sadybekov, Adilzhan"]
[Result "0-1"]
[WhiteElo "1670"]
[BlackElo "1674"]
[WhiteTeam "Abai's Gambit Pioneers"]
[BlackTeam "VKO Team"]
[WhiteFideId "447010908"]
[BlackFideId "13764799"]
[EventDate "2024.08.02"]

1. f4 d5 2. Nf3 Nf6 3. e3 c5 4. b3 Nc6 5. Bb2 Bg4 6. Bb5 e6 7. Bxc6+ bxc6 8. h3
Bxf3 9. Qxf3 Be7 10. d3 Qb6 11. Nd2 a5 12. a4 O-O-O 13. O-O-O Ne8 14. e4 Bf6 15.
e5 Be7 16. Qe2 Nc7 17. Ba3 Rd7 18. Kb2 Na6 19. Nf3 Rb7 20. Rb1 Rd8 21. Ka2 Nb4+
22. Bxb4 cxb4 23. d4 Kb8 24. Rhc1 Rc8 25. Rd1 Rbc7 26. Rbc1 c5 27. dxc5 Bxc5 28.
Kb2 Be3 29. g3 Bxc1+ 30. Rxc1 Rc3 31. Ng5 Qb7 32. Qd2 Rxg3 33. Qd4 h6 34. Qf2
Rcc3 35. Nh7 Rgf3 36. Qg2 Rg3 37. Qf2 Rcf3 38. Qc5 Rc3 39. Qxa5 Rc8 40. Rd1 Rg2
41. Rc1 Rh2 42. f5 exf5 43. Kb1 f4 44. Nf8 Rxf8 45. Qc5 Rc8 46. Qd6+ Ka8 47. a5
Ka7 48. e6 fxe6 49. Qxf4 Rxh3 50. Qg4 Rhc3 51. Qd4+ Ka8 52. Qe5 Qc7 53. Qd4
Rxb3+ 54. Ka2 Ra3+ 55. Kb1 Qc3 56. Qxc3 bxc3 57. Rg1 Rb8+ 0-1

[Event "FIDE World Rapid Team"]
[Site "Almaty KAZ"]
[Date "2024.08.03"]
[Round "7.46"]
[White "Serikov, Merey"]
[Black "Raipov, Alinur"]
[Result "0-1"]
[WhiteElo "1616"]
[BlackElo "1504"]
[WhiteTeam "VKO Team"]
[BlackTeam "Abai's Gambit Pioneers"]
[WhiteFideId "13734067"]
[BlackFideId "13763814"]
[EventDate "2024.08.02"]

1. d4 Nf6 2. c4 g6 3. Nc3 Bg7 4. e4 d6 5. Nf3 O-O 6. Be2 Nc6 7. O-O e5 8. d5 Ne7
9. Be3 Nd7 10. Nd2 f5 11. f3 f4 12. Bf2 Nf6 13. b4 g5 14. c5 Qe8 15. Nb5 Qd8 16.
cxd6 cxd6 17. Rc1 b6 18. Rc7 Ne8 19. Rxa7 Rxa7 20. Nxa7 Bd7 21. Nc4 Nc8 22. Nxc8
Qxc8 23. Nxb6 Qb7 24. Nxd7 Qxd7 25. a4 Nf6 26. Qc2 Rc8 27. Qb3 g4 28. b5 g3 29.
hxg3 Nh5 30. g4 Ng3 31. Bxg3 fxg3 32. f4 exf4 33. Rxf4 Rc3 34. Qd1 Qe7 35. Bf3
Qa7+ 36. Kf1 Qf2# 0-1

[Event "FIDE World Rapid Team"]
[Site "Almaty KAZ"]
[Date "2024.08.03"]
[Round "7.47"]
[White "Kiribayeva, Togzhan"]
[Black "Tulekenova, Aiza"]
[Result "1/2-1/2"]
[WhiteElo "1544"]
[BlackElo "1581"]
[WhiteTeam "Abai's Gambit Pioneers"]
[BlackTeam "VKO Team"]
[WhiteFideId "13739263"]
[BlackFideId "13763881"]
[EventDate "2024.08.02"]

1. e4 c5 2. Nc3 Nc6 3. Nge2 d6 4. g3 g6 5. Bg2 Bg7 6. O-O e6 7. d3 Nge7 8. Be3
Nd4 9. Qd2 O-O 10. f4 a6 11. g4 f5 12. h3 Rb8 13. Ng3 b5 14. Nd1 a5 15. c3 Ndc6
16. d4 cxd4 17. cxd4 d5 18. e5 b4 19. Nf2 Ba6 20. Rfd1 Nc8 21. Bf1 Bxf1 22. Rxf1
Qh4 23. Kg2 b3 24. Rfc1 N8a7 25. Rc5 Rfc8 26. axb3 Bf8 27. Rcc1 Rxb3 28. Rc3 Bb4
29. Qc2 Bxc3 30. Qxb3 Bxd4 31. Bxd4 Nxd4 32. Qb7 Ndc6 33. Qd7 Qe7 34. Qxe7 Nxe7
35. Rxa5 Nac6 36. Rc5 Rb8 37. Nd3 Rb3 38. Rc3 Rb6 1/2-1/2

[Event "FIDE World Rapid Team"]
[Site "Almaty KAZ"]
[Date "2024.08.03"]
[Round "7.48"]
[White "Niyazbek, Nurtileu"]
[Black "Amangaliyev, Dauletkhan"]
[Result "1-0"]
[WhiteElo "1578"]
[BlackElo "1531"]
[WhiteTeam "VKO Team"]
[BlackTeam "Abai's Gambit Pioneers"]
[WhiteFideId "13765337"]
[BlackFideId "447022361"]
[EventDate "2024.08.02"]

1. e4 e5 2. Nf3 Nc6 3. Bb5 d6 4. O-O Nf6 5. d3 Be7 6. h3 h6 7. Nc3 Be6 8. d4
exd4 9. Nxd4 O-O 10. Nxc6 bxc6 11. Bxc6 Rb8 12. Qd4 Rb6 13. Ba4 c5 14. Qe3 Nh7
15. Qg3 Bc4 16. Rd1 Kh8 17. Be3 Qc7 18. b3 Bf6 19. Bf4 Be6 20. Rab1 Bxc3 21.
Qxc3 Qb7 22. Bxd6 Rc8 23. Qe3 c4 24. Bc5 cxb3 25. Bxb6 bxa2 26. Rb2 axb6 27. Bb3
Ra8 28. Ra1 Qd7 29. Rbxa2 Rxa2 30. Rxa2 Qd1+ 31. Kh2 Ng5 32. Bxe6 Qd6+ 33. f4
Nxe6 34. Ra8+ Kh7 35. e5 Qc7 36. Qe4+ g6 37. f5 Ng5 38. fxg6+ fxg6 39. Qd5 h5
40. c4 Nf7 41. Re8 Nh6 42. Qe6 Nf5 43. Rf8 Kh6 44. Rxf5 Qb8 45. Rf6 Kg5 46.
Rxg6+ Kf4 47. g3+ Ke3 48. Qxb6+ Kd3 49. Qxb8 Kxc4 50. Rd6 Kc3 51. Qc7+ Kb2 52.
Rb6+ Ka1 53. Qa7# 1-0

[Event "FIDE World Rapid Team"]
[Site "Almaty KAZ"]
[Date "2024.08.03"]
[Round "8.1"]
[White "Carlsen, Magnus"]
[Black "Ding, Liren"]
[Result "1-0"]
[WhiteTitle "GM"]
[BlackTitle "GM"]
[WhiteElo "2832"]
[BlackElo "2745"]
[WhiteTeam "WR Chess Team"]
[BlackTeam "Decade China Team"]
[WhiteFideId "1503014"]
[BlackFideId "8603677"]
[EventDate "2024.08.02"]

1. e4 e5 2. Nf3 Nc6 3. Bb5 a6 4. Ba4 Nf6 5. O-O Be7 6. d3 b5 7. Bb3 d6 8. a4 Bd7
9. Nc3 Na5 10. Ba2 b4 11. Ne2 c5 12. Nd2 O-O 13. f4 Rb8 14. Nc4 Nxc4 15. Bxc4 a5
16. fxe5 dxe5 17. Ng3 Ne8 18. Qh5 Nd6 19. Bd5 Bf6 20. b3 g6 21. Qf3 Bg7 22. Be3
Rc8 23. Qf2 Qc7 24. Bg5 Be6 25. Bxe6 fxe6 26. Qd2 Rxf1+ 27. Rxf1 Rf8 28. Rxf8+
Bxf8 29. Be3 Nf7 30. Qf2 Nd8 31. Nf1 Qe7 32. Nd2 Nc6 33. Nc4 h5 34. h4 Kg7 35.
g3 Kg8 36. Kg2 Kg7 37. g4 hxg4 38. Qg3 Qf6 39. Bg5 Qf7 40. Nxe5 Nxe5 41. Qxe5+
Kh7 42. Qf6 Qe8 43. Kg3 Bg7 44. Qe7 Qb8+ 45. Bf4 e5 46. Bg5 Qb6 47. Be3 Qc6 48.
Qxc5 Qf6 49. Kxg4 Qf1 50. Kg3 Bf6 51. Bf2 Qh1 52. Qc7+ Kg8 53. Qc8+ Kg7 54. Qd7+
Kg8 55. Qh3 Qc1 56. Qg4 Qxc2 57. Qxg6+ Bg7 58. h5 Qxd3+ 59. Kg2 Qd2 60. h6 Qxh6
61. Qxh6 Bxh6 62. Bb6 Kf7 63. Kf3 Ke6 64. Bxa5 1-0

[Event "FIDE World Rapid Team"]
[Site "Almaty KAZ"]
[Date "2024.08.03"]
[Round "8.5"]
[White "Kosteniuk, Alexandra"]
[Black "Ju, Wenjun"]
[Result "1/2-1/2"]
[WhiteTitle "GM"]
[BlackTitle "GM"]
[WhiteElo "2488"]
[BlackElo "2563"]
[WhiteTeam "WR Chess Team"]
[BlackTeam "Decade China Team"]
[WhiteFideId "4128125"]
[BlackFideId "8603006"]
[EventDate "2024.08.02"]

1. e4 e5 2. Nf3 Nc6 3. Bc4 Nf6 4. d3 Bc5 5. Nc3 a6 6. Be3 d6 7. Bxc5 dxc5 8. a4
O-O 9. h3 Be6 10. Bxe6 fxe6 11. O-O h6 12. Nb1 Rf7 13. Nbd2 Nd7 14. Nc4 Qe7 15.
c3 Raf8 16. Nh2 b6 17. g3 Rd8 18. Qe2 b5 19. axb5 axb5 20. Na3 Rb8 21. Ng4 Nf6
22. Nxf6+ Qxf6 23. Nc2 Rd7 24. Qe3 Qe7 25. Ra6 Rb6 26. Ra8+ Rb8 27. Rxb8+ Nxb8
28. Ra1 Qd6 29. Ra8 Rd8 30. Kg2 Qc6 31. Ra5 Nd7 32. Na3 Rb8 33. c4 b4 34. Nb1
Ra8 35. Rxa8+ Qxa8 36. Nd2 Qa2 37. b3 Qc2 38. h4 Nf6 39. f3 Nd7 40. Kf2 Nb8 41.
g4 Nc6 42. g5 Nd4 43. Kg3 hxg5 44. hxg5 g6 45. f4 exf4+ 46. Kxf4 Qc1 47. e5 Qh1
48. Nf3 Nxf3 49. Qxf3 Qh4+ 50. Qg4 Qf2+ 51. Qf3 Qh4+ 52. Qg4 Qf2+ 53. Qf3 1/2-1/2

[Event "FIDE World Rapid Team"]
[Site "Almaty KAZ"]
[Date "2024.08.03"]
[Round "8.8"]
[White "Narayanan, S.L."]
[Black "Martirosyan, Haik M."]
[Result "1-0"]
[WhiteTitle "GM"]
[BlackTitle "GM"]
[WhiteElo "2649"]
[BlackElo "2667"]
[WhiteTeam "Team MGD1"]
[BlackTeam "Chessy"]
[WhiteFideId "5058422"]
[BlackFideId "13306553"]
[EventDate "2024.08.02"]

1. e4 e5 2. Nf3 Nc6 3. Bb5 Nf6 4. d3 Bc5 5. Bxc6 dxc6 6. Qe2 Qe7 7. Nbd2 Nd7 8.
Nc4 b6 9. a3 a5 10. O-O O-O 11. Bd2 a4 12. Kh1 b5 13. Ne3 Bxe3 14. Bxe3 c5 15.
Nd2 Bb7 16. Rae1 Ra6 17. f3 Rg6 18. Qf2 h5 19. h4 Rc6 20. Rg1 Rg6 21. Bg5 Qd6
22. Nf1 Qd4 23. Ne3 b4 24. Qe2 Qxb2 25. Nc4 Qc3 26. Bd2 Qd4 27. c3 bxc3 28. Be3
Ba6 29. Bxd4 cxd4 30. Rb1 Bxc4 31. dxc4 Nc5 32. Rb5 Rc6 33. Qc2 f6 34. Rgb1 Nb3
35. Rb4 Ra8 36. Qd3 Rb6 37. c5 Rxb4 38. axb4 Kh7 39. f4 Re8 40. Qe2 Rd8 41. fxe5
fxe5 42. Rf1 Kh6 43. g4 Nd2 44. g5+ Kg6 45. Qf2 Kh7 46. g6+ Kxg6 47. Rg1+ Kh7
48. Qf7 1-0